[Event "Summer Festival Open"]
[Site "Lisbon POR"]
[Date "2000.08.26"]
[Round "6"]
[White "Ftacnik,L"]
[Black "Sulskis,S"]
[Result "1/2-1/2"]
[WhiteElo "2608"]
[BlackElo "2497"]

1.d4 Nf6 2.Nf3 d5 3.c4 e6 4.g3 Be7 5.Bg2 O-O 6.O-O Na6 7.Nc3 c5 8.cxd5 exd5
9.dxc5 Nxc5 10.Be3 Bg4 11.Rc1 Rc8 12.Ne5 Be6 13.Bd4 Nce4 14.Qa4 Nc5 15.Qc2 Nce4
16.Rfd1 Nxc3 17.Bxc3 Bb4 18.e4 Bxc3 19.bxc3 Qa5 20.exd5 Bxd5 21.Nd7 Nxd7
22.Bxd5 Qc7 23.Rd4 b6 24.c4  1/2-1/2

[Event "Summer Festival Open"]
[Site "Lisbon POR"]
[Date "2000.08.28"]
[Round "8"]
[White "Horvath,Jo"]
[Black "Stefansson,H"]
[Result "1/2-1/2"]
[WhiteElo "2558"]
[BlackElo "2557"]

1.d4 Nf6 2.c4 e6 3.g3 d5 4.Bg2 Be7 5.Nf3 O-O 6.Qc2 dxc4 7.Qxc4 a6 8.Bf4 Bd6
9.Qc1 Bd7 10.Nc3 Bc6 11.O-O Nbd7 12.Re1 Ne4 13.Ne5 Bxe5 14.dxe5 Nxc3 15.Bxc6 Nxe2+
16.Rxe2 bxc6 17.Bg5 Qb8 18.Bf6 gxf6 19.Qh6 fxe5 20.Rd1 Qe8 21.Rxd7 Qxd7  1/2-1/2

[Event "Summer Festival Open"]
[Site "Lisbon POR"]
[Date "2000.08.30"]
[Round "10"]
[White "Horvath,Jo"]
[Black "Sulskis,S"]
[Result "1/2-1/2"]
[WhiteElo "2558"]
[BlackElo "2497"]

1.Nf3 d5 2.d4 Nf6 3.c4 e6 4.g3 Be7 5.Bg2 O-O 6.Qc2 c5 7.dxc5 Qa5+ 8.Qc3 Qxc5
9.cxd5 Qxd5 10.O-O Nc6 11.Qd2  1/2-1/2

[Event "chT-POL"]
[Site "Zakopane chT"]
[Date "2000.09.06"]
[Round "5"]
[White "Stohl,I"]
[Black "Dydyshko,V"]
[Result "1-0"]
[WhiteElo "2578"]
[BlackElo "2525"]

1.d4 Nf6 2.c4 e6 3.g3 d5 4.Bg2 Be7 5.Nf3 O-O 6.O-O Nbd7 7.Qc2 c6 8.b3 b6
9.Rd1 Ba6 10.Nbd2 c5 11.e4 Rc8 12.exd5 exd5 13.Nf1 cxd4 14.Nxd4 b5 15.Ne3 bxc4
16.Nxd5 Nxd5 17.Bxd5 cxb3 18.Qxb3 Bf6 19.Ba3 Nc5 20.Bxc5 Rxc5 21.Ne6 fxe6
22.Bxe6+ Kh8 23.Rxd8 Rxd8 24.Rd1 Rxd1+ 25.Qxd1 Bb7 26.f4 Bc8  1-0

[Event "chT-POL"]
[Site "Zakopane chT"]
[Date "2000.09.08"]
[Round "6"]
[White "Miton,K"]
[Black "Kasperek,R"]
[Result "1-0"]
[WhiteElo "2443"]
[BlackElo "2316"]

1.d4 Nf6 2.c4 e6 3.g3 d5 4.Bg2 Be7 5.Nf3 O-O 6.O-O dxc4 7.Nc3 Nc6 8.e3 Rb8
9.Qa4 Nb4 10.Qxa7 Na6 11.Ne5 g5 12.Nxc4 h5 13.a3 Nd5 14.Bd2 Bd7 15.Na5 Qc8
16.Nxd5 exd5 17.Rfc1 b6 18.Bf1 Ra8 19.Bxa6 Rxa7 20.Bxc8 Rxc8 21.Nc6 Bxc6
22.Rxc6 Bd6 23.Kg2 Kg7 24.h3 g4 25.Rh1 Rh8 26.hxg4 hxg4 27.Rcc1 Rxh1 28.Rxh1 f5
29.Kf1 Ra4 30.Ke2 Kf6 31.Kd3 Ke6 32.Rh6+ Ke7 33.Bc3 Ra8 34.Kc2 Ra4 35.Rh8 Ra7
36.Kb3 Ra6 37.Rh5 Ke6 38.Rh6+ Ke7 39.Bb4 Bxb4 40.Kxb4 Ra5 41.Rh7+ Kd6 42.Rf7 c5+
43.dxc5+ Rxc5 44.Rxf5 Rc2 45.b3 Rb2 46.a4 Ke6 47.Rf4 Kd6 48.Rf6+ Ke5 49.Rf4 Kd6
50.Rxg4 Rxf2 51.Rg6+ Kc7 52.Kb5 Rf3 53.Rc6+ Kd7 54.Rxb6 d4 55.exd4 Rxb3+
56.Kc5 Rxg3 57.a5 Rc3+ 58.Kd5  1-0

[Event "chT-POL"]
[Site "Zakopane chT"]
[Date "2000.09.08"]
[Round "6"]
[White "Urban,K"]
[Black "Stohl,I"]
[Result "1/2-1/2"]
[WhiteElo "2472"]
[BlackElo "2578"]

1.d4 Nf6 2.c4 e6 3.g3 d5 4.Nf3 Be7 5.Bg2 O-O 6.O-O dxc4 7.Qc2 a6 8.a4 Bd7
9.Ne5 Bc6 10.Nxc6 Nxc6  1/2-1/2

[Event "Najdorf Final KO"]
[Site "Buenos Aires ARG"]
[Date "2000.09.09"]
[Round "1.1"]
[White "Pereyra Arcija,D"]
[Black "Rossetto,H"]
[Result "1-0"]
[WhiteElo "2417"]
[BlackElo "2285"]

1.d4 d5 2.c4 e6 3.g3 Nf6 4.Bg2 Be7 5.Nf3 O-O 6.O-O c6 7.Qc2 Ne4 8.Nfd2 f5
9.Nxe4 fxe4 10.Be3 Nd7 11.Nd2 Nf6 12.f3 exf3 13.Nxf3 Ng4 14.Bd2 Bd7 15.h3 Nh6
16.Bxh6 gxh6 17.Ne5 Be8 18.Kh1 Bf6 19.Qd2 Bg7 20.h4 Bh5 21.Bh3 Qe7 22.Qe3 Rxf1+
23.Rxf1 Rf8 24.Rxf8+ Bxf8 25.Nd7 dxc4 26.Bxe6+ Bf7 27.Nxf8 Qxf8 28.Kg2 Qd6
29.Bf5 b5 30.Qf2 Bg6 31.g4 b4 32.e4 a5 33.h5 Bxf5 34.gxf5 Kf7 35.Qe3 Qf6
36.Kf1 Qg5 37.Qe2 Qf4+ 38.Kg2 Kf6 39.e5+ Kxf5 40.e6 Qb8 41.e7 Qe8 42.Qe5+ Kg4
43.Qg7+ Kxh5 44.Kf3  1-0

[Event "6th WUCC"]
[Site "Golden Sands BUL"]
[Date "2000.09.09"]
[Round "9"]
[White "Iljushin,A"]
[Black "Mester,G"]
[Result "1-0"]
[WhiteElo "2509"]
[BlackElo "2379"]

1.d4 d5 2.c4 e6 3.Nf3 Nf6 4.g3 Be7 5.Bg2 O-O 6.O-O dxc4 7.Qc2 a6 8.a4 Nc6
9.Qxc4 Nb4 10.Nc3 a5 11.Rd1 c6 12.Bg5 h6 13.Bxf6 Bxf6 14.Ne5 Qc7 15.Ng4 Be7
16.Rac1 Bd7 17.e4 Rad8 18.e5 Nd5 19.Bxd5  1-0

[Event "chT-POL"]
[Site "Zakopane chT"]
[Date "2000.09.09"]
[Round "7"]
[White "Ksieski,Z"]
[Black "Jasnikowski,Z"]
[Result "1/2-1/2"]
[WhiteElo "2377"]
[BlackElo "2451"]

1.d4 Nf6 2.c4 e6 3.g3 d5 4.Bg2 Be7 5.Nf3 O-O 6.O-O c6 7.Qc2 b6 8.Rd1 Bb7
9.Nc3 Nbd7 10.b3 Rc8 11.e4 c5 12.exd5 exd5 13.Bb2 Re8 14.dxc5 dxc4 15.b4 bxc5
16.b5 Qc7 17.a4 Bd6 18.b6 Qxb6 19.Nb5 Bxf3 20.Rxd6 Rc6 21.Bxf3 Rxd6 22.Nxd6 Qxd6
23.Rd1 Qe6 24.Kg2 Qb6 25.Bxf6 Nxf6 26.Qxc4 a5 27.Rc1 Rc8 28.Qb5 Qc7 29.Bb7 Rb8
30.Rxc5 Qe7 31.Rc8+  1/2-1/2

[Event "chT-POL"]
[Site "Zakopane chT"]
[Date "2000.09.09"]
[Round "7"]
[White "Grabarczyk,M"]
[Black "Pieniazek,Ar"]
[Result "1/2-1/2"]
[WhiteElo "2495"]
[BlackElo "2394"]

1.d4 Nf6 2.c4 e6 3.g3 d5 4.Bg2 Be7 5.Nf3 O-O 6.O-O dxc4 7.Qc2 a6 8.a4 Bd7
9.Qxc4 Bc6 10.Bg5 a5 11.Nc3 Na6 12.Rfe1 Bd5 13.Nxd5 exd5 14.Qb3 Nb4 15.Bd2 Ne4
16.Bc3 Bd6 17.Ne5 c6 18.f4 Qe7 19.Rf1 Kh8 20.Rad1 Rae8 21.Bxe4 dxe4 22.Bxb4 Bxb4
23.Kg2  1/2-1/2

[Event "chT-POL"]
[Site "Zakopane chT"]
[Date "2000.09.11"]
[Round "9"]
[White "Wojtkiewicz,A"]
[Black "Pieniazek,Ar"]
[Result "1-0"]
[WhiteElo "2581"]
[BlackElo "2394"]

1.Nf3 Nf6 2.c4 e6 3.g3 d5 4.d4 Be7 5.Bg2 O-O 6.O-O dxc4 7.Qc2 a6 8.a4 Bd7
9.Qxc4 Bc6 10.Bg5 a5 11.Nc3 Na6 12.Bxf6 Bxf6 13.e4 Nb4 14.Rfd1 b6 15.Qe2 Bb7
16.Rd2 Rc8 17.h4 Qd7 18.Bh3 c6 19.Rad1 Qc7 20.e5 Be7 21.Ng5 Rcd8 22.Qh5 Bxg5
23.hxg5 c5 24.Nb5 Qc6 25.Kh2 cxd4 26.Nxd4 Qe4 27.f4 Bd5 28.Qh4 Ba8 29.Bg2 Qg6
30.Nf5 Qxf5 31.Rxd8 Bxg2 32.g6 Bc6 33.Qxh7+  1-0

[Event "Najdorf Final KO"]
[Site "Buenos Aires ARG"]
[Date "2000.09.12"]
[Round "2.2"]
[White "Toth,Ch"]
[Black "Zarnicki,P"]
[Result "1/2-1/2"]
[WhiteElo "2377"]
[BlackElo "2488"]

1.d4 Nf6 2.c4 e6 3.g3 d5 4.Nf3 Be7 5.Bg2 O-O 6.O-O dxc4 7.Qc2 a6 8.Qxc4 b5
9.Qc2 Bb7 10.Bf4 Nc6 11.Rd1 Nb4 12.Qc1 Rc8 13.Nc3 Nbd5 14.Nxd5 Bxd5 15.Be3 Ng4  1/2-1/2

[Event "Super Final"]
[Site "Buenos Aires ARG"]
[Date "2000.09.23"]
[Round "6"]
[White "Ricardi,P"]
[Black "Leitao,R"]
[Result "1/2-1/2"]
[WhiteElo "2488"]
[BlackElo "2567"]

1.d4 Nf6 2.c4 e6 3.Nf3 d5 4.g3 Be7 5.Bg2 O-O 6.O-O dxc4 7.Qc2 a6 8.Qxc4 b5
9.Qc2 Bb7 10.Bf4 Nc6 11.Nc3 Nb4 12.Qc1 Rc8 13.a3 Nbd5 14.b4 Nxf4 15.Qxf4 Bxf3
16.Bxf3 c6 17.Rfc1 Qb6 18.Bg2 Rfd8 19.e3 a5 20.bxa5  1/2-1/2

[Event "Super Final"]
[Site "Buenos Aires ARG"]
[Date "2000.09.26"]
[Round "8"]
[White "Ricardi,P"]
[Black "Short,N"]
[Result "1/2-1/2"]
[WhiteElo "2488"]
[BlackElo "2677"]

1.d4 Nf6 2.c4 e6 3.g3 d5 4.Nf3 Be7 5.Bg2 O-O 6.O-O dxc4 7.Qc2 a6 8.a4 Bd7
9.Qxc4 Bc6 10.Bg5 Bd5 11.Qc2 Be4 12.Qc1 h6 13.Bxf6 Bxf6 14.Nc3 Bh7 15.Rd1 c6
16.Ne5 Nd7 17.Nxd7 Qxd7 18.Ne4 Bxe4 19.Bxe4  1/2-1/2

[Event "Veselin Boskovic Mem"]
[Site "Belgrade YUG"]
[Date "2000.10.03"]
[Round "1"]
[White "Ilincic,Z"]
[Black "Beliavsky,A"]
[Result "1/2-1/2"]
[WhiteElo "2563"]
[BlackElo "2654"]

1.d4 Nf6 2.c4 e6 3.Nf3 d5 4.g3 Be7 5.Bg2 dxc4 6.Qc2 a6 7.O-O O-O 8.a4 Bd7
9.Qxc4 Bc6 10.Bg5 Bd5 11.Qd3 c5 12.Nc3 Bc6 13.Rfd1 Qa5 14.Bd2 cxd4 15.Nxd4 Bxg2
16.Kxg2 Nbd7 17.e4 Qb6 18.a5 Ne5 19.Qe3 Qc7 20.Qe2 Nc4 21.Bf4 e5 22.Nf5 exf4
23.Nxe7+ Qxe7 24.Qxc4 Rac8 25.Qe2 fxg3 26.hxg3 Rfe8 27.Ra4 Rc5 28.Qf3 Qe6
29.Nd5 Ng4 30.Rad4 h5 31.b4 Rc2 32.R1d2 Rc1 33.Nf4 Qf6 34.Rd6 Qe7 35.Rd7 Qf6
36.Qa3 Ra1 37.Qb2 Qxb2 38.Rxb2 Rxe4 39.Rxb7 Ree1 40.Nh3 Ne5 41.Rb8+ Kh7 42.Ng5+ Kg6
43.Nf3 Nxf3 44.Kxf3  1/2-1/2

[Event "Veselin Boskovic Mem"]
[Site "Belgrade YUG"]
[Date "2000.10.07"]
[Round "4"]
[White "Romanishin,O"]
[Black "Ivanovic,B"]
[Result "1/2-1/2"]
[WhiteElo "2591"]
[BlackElo "2476"]

1.Nf3 Nf6 2.c4 e6 3.g3 d5 4.Bg2 Be7 5.d4 O-O 6.O-O dxc4 7.Qc2 a6 8.a4 Bd7
9.Qxc4 Bc6 10.Bg5 Nbd7 11.Nc3 h6 12.Bxf6 Nxf6 13.a5 Qd6 14.Rfc1 Rfd8 15.e3 Rac8
16.Qb3 Rb8 17.Qc2 Bxf3 18.Bxf3 c5 19.Ne2 cxd4 20.Nxd4 Nd5 21.Qb3 Nb4 22.Rc4 b6
23.axb6 Qxb6 24.Rxb4 Bxb4 25.Nc6 a5 26.Nxb8 Qxb8 27.Rd1 g6 28.Rxd8+ Qxd8
29.Qd1 Qf6 30.b3 h5 31.h4 Qb2 32.Kf1 Bd2 33.Ke2 Bc3+ 34.Kf1 Kg7 35.Be4 Bb4
36.Qc2 Qa1+ 37.Kg2 Qe5  1/2-1/2

[Event "ch-ARG"]
[Site "Buenos Aires ARG"]
[Date "2000.10.10"]
[Round "1"]
[White "Soppe,G"]
[Black "Varela,G"]
[Result "1/2-1/2"]
[WhiteElo "2471"]
[BlackElo "2249"]

1.d4 d5 2.Nf3 Nf6 3.c4 e6 4.g3 Be7 5.Bg2 O-O 6.O-O b6 7.Nc3 Bb7 8.Ne5 Na6
9.cxd5 exd5 10.Bf4 c5 11.dxc5 Nxc5 12.Nb5 Ne6 13.Nd4 Nxd4 14.Qxd4 Bc5 15.Qd1 Re8
16.Nd3 Bf8 17.Be5 Rc8 18.Bd4 Qe7 19.e3 Ne4 20.Re1 g6 21.Nf4 Red8 22.Qa4 Bc6
23.Qb3 Qb4 24.Qxb4 Bxb4 25.Rec1 Bb7 26.Bh3 f5 27.Bf1 Bd6 28.Be2 Kf7 29.Bd1 Ng5
30.Nd3 Ba6 31.Rxc8 Rxc8 32.Rc1 Rxc1 33.Nxc1 Ne6 34.Bc3 Be7 35.Bf3 Bb7 36.Nd3 Bf6
37.Bxf6 Kxf6 38.Nb4 Ke5 39.Kf1 Kd6 40.Ke1 a5 41.Nc2 Ba6 42.Kd2 Kc5 43.Kc3 Nc7
44.a3 Kd6 45.h4 Ke5 46.Bg2 Kd6 47.Nd4 Nb5+ 48.Nxb5+ Bxb5 49.Kd4 Bc6 50.h5 gxh5
51.Bf3 h4 52.gxh4 h6 53.b3 Bb7 54.Bh5 Bc8 55.Be8 Be6 56.b4 axb4 57.axb4 Bc8
58.Ba4 Bb7 59.Bc2 Bc8 60.Bb3 Bb7 61.Bc2 Bc8 62.Bd3 Bd7 63.Ba6 Be6 64.Bb5 Bc8
65.Ba4 Bb7 66.f3 Bc6 67.Bb3 Bb7 68.Bc2 Bc8 69.Bd3 Bd7 70.Bf1 Bc8 71.Bg2 Be6  1/2-1/2

[Event "Veselin Boskovic Mem"]
[Site "Belgrade YUG"]
[Date "2000.10.11"]
[Round "8"]
[White "Ivanisevic,I"]
[Black "Beliavsky,A"]
[Result "1-0"]
[WhiteElo "2530"]
[BlackElo "2654"]

1.d4 Nf6 2.c4 e6 3.Nf3 d5 4.g3 Be7 5.Bg2 O-O 6.O-O dxc4 7.Qc2 a6 8.a4 Bd7
9.Qxc4 Bc6 10.Bg5 Bd5 11.Qc2 Be4 12.Qc1 Nc6 13.Nbd2 Bg6 14.Nb3 h6 15.Bxf6 Bxf6
16.Rd1 Nb4 17.Ne1 c6 18.a5 Bh5 19.Qd2 Nd5 20.Nd3 Re8 21.h3 Qb8 22.Rf1 Bg6
23.e4 Nc7 24.Ndc5 Rd8 25.Qe3 Nb5 26.Rfd1 Qa7 27.e5 Be7 28.Rac1 Nc7 29.Na4 Rab8
30.Nbc5 Re8 31.Nb6 Rbd8 32.Rc4 Nd5 33.Bxd5 exd5 34.Rc3 Qb8 35.b4 Qc7 36.g4 Bxc5
37.bxc5 f6 38.f4 Be4 39.Qg3 fxe5 40.dxe5 g5 41.f5 Rxe5 42.Re3 Qg7 43.Nc4 Re7
44.Nd6 Rf8 45.Qe1 Qe5 46.Qd2 h5 47.Qd4 hxg4 48.Qxe5 Rxe5 49.hxg4 Kg7 50.Rh3 Re7
51.Kf2 Rg8 52.Rd2 Kf6 53.Rh6+ Ke5 54.Ke3 Rf8 55.Nxe4 dxe4 56.Rd4 Rf6 57.Rh8 Rff7
58.Rhd8 Kf6 59.R8d6+ Kg7 60.Rg6+ Kf8 61.Rd8+ Re8 62.Rxe8+ Kxe8 63.Rxg5 Rd7
64.f6 Rd5 65.Rg7 Rxc5 66.g5 Kf8 67.Kxe4 Rxa5 68.Kf4  1-0

[Event "Bundesliga 2000-1"]
[Site "Hamburg GER"]
[Date "2000.10.15"]
[Round "2"]
[White "Stohl,I"]
[Black "Dorfman,J"]
[Result "1/2-1/2"]
[WhiteElo "2578"]
[BlackElo "2600"]

1.Nf3 d5 2.d4 e6 3.g3 Nf6 4.Bg2 Be7 5.c4 O-O 6.O-O dxc4 7.Qc2 a6 8.a4 Bd7
9.Qxc4 Bc6 10.Bg5 Bd5 11.Qc2 Be4 12.Qc1 Nbd7 13.Nc3 Bc6 14.Qc2 Bb4 15.Rfd1 h6
16.Bxf6 Nxf6 17.Ne5 Bxg2  1/2-1/2

[Event "Bundesliga 2000-1"]
[Site "Solingen GER"]
[Date "2000.10.15"]
[Round "2"]
[White "Meins,G"]
[Black "Chandler,M"]
[Result "0-1"]
[WhiteElo "2426"]
[BlackElo "2526"]

1.d4 Nf6 2.c4 e6 3.g3 d5 4.Bg2 Be7 5.Nf3 O-O 6.O-O dxc4 7.Ne5 Nc6 8.Nxc6 bxc6
9.e3 Nd5 10.Qa4 Nb6 11.Qa5 Bd7 12.Na3 Bd6 13.Bd2 Qe7 14.Rfc1 Rfb8 15.Rab1 e5
16.Nxc4 exd4 17.exd4 Nd5 18.Ne3 Rb5 19.Qa4 h6 20.Qc2 Nxe3 21.Bxe3 Bf5 22.Qxc6 Rab8
23.Ra1 Rxb2 24.a4 Qd7 25.a5 Qxc6 26.Bxc6 a6 27.Bg2 Bd3 28.Bf1 Bb5 29.Bc4 Kf8
30.Kg2 Bxc4 31.Rxc4 Ke7 32.Rc6 Ra8 33.d5 Rb5 34.Bd4 f6 35.Kf3 Rxd5 36.Ke4 Rxd4+  0-1

[Event "FSIMA October"]
[Site "Budapest HUN"]
[Date "2000.10.16"]
[Round "10"]
[White "Somogyi,I"]
[Black "Spaan,N"]
[Result "1/2-1/2"]
[WhiteElo "2260"]
[BlackElo "2268"]

1.d4 d5 2.Nf3 Nf6 3.c4 e6 4.g3 Be7 5.Bg2 O-O 6.O-O Nbd7 7.b3 b6 8.cxd5 exd5
9.Nc3 Bb7 10.Bb2 a6 11.Rc1 Bd6 12.Na4 Re8 13.a3 Qe7 14.Re1 Ne4 15.b4 Ndf6
16.Ne5 Bxe5 17.dxe5 Ng4 18.f3 Ne3 19.Qd3 Nxg2 20.Kxg2 Ng5 21.Bd4 Qd7 22.Nb2 Qh3+
23.Kh1 Re6 24.Qe3 Rh6 25.Qf2 Ne6 26.Be3 Rh5 27.Nd3 d4 28.Bd2 g5 29.Rg1 Rc8
30.g4 Rh6 31.Rg3 Qh4 32.Kg1 c5 33.bxc5 bxc5 34.Nb2 Bd5 35.Rg2 Qxf2+ 36.Rxf2 Nf4
37.Bxf4 gxf4 38.Nd3 c4 39.Nxf4 Ba8 40.Rff1 Rb6 41.Rfd1 c3 42.Rxd4 Rb3 43.a4 a5
44.Kf2 Bb7 45.Nh5 Kf8 46.Nf6 Ba6 47.Rc2 Kg7 48.Ne4 Rb2 49.Rxc3 Rxe2+ 50.Kg3 Rxe4
51.Rxc8 Rxd4 52.Ra8 Bb7 53.Ra7 Bd5 54.f4 Rxa4 55.f5 Ra3+ 56.Kf4 Rf3+ 57.Kg5 h6+
58.Kh4 Re3 59.e6 Bxe6  1/2-1/2

[Event "TCh-SVK"]
[Site "SVK"]
[Date "2000.10.22"]
[Round "2"]
[White "Priehoda,V"]
[Black "Dudas,Jan"]
[Result "1-0"]
[WhiteElo "2397"]
[BlackElo "2269"]

1.d4 Nf6 2.c4 e6 3.g3 d5 4.Nf3 Be7 5.Bg2 O-O 6.O-O dxc4 7.Na3 c5 8.dxc5 c3
9.Qc2 Bxc5 10.Qxc3 Qe7 11.Nc4 Nbd7 12.a3 Nd5 13.Qc2 a5 14.Bd2 b6 15.Ng5 g6
16.e4 Nc7 17.e5 Rb8 18.Ne4 Bd4 19.Bg5 f6 20.exf6 Bxf6 21.Nxf6+ Nxf6 22.Bf4 Nfe8
23.Ne5 Bb7 24.Nc6 Bxc6 25.Qxc6 Rf7 26.Rac1 b5 27.Qc5 Qxc5 28.Rxc5 Rd8 29.Rfc1 Rdd7
30.Bc6 Rd3 31.Bxe8 Nxe8 32.Rxb5 Rf5 33.Rb8 Kf7 34.Rb7+ Kf6 35.h4 Rfd5 36.Rc8 Kf5
37.Rxe8 Kg4 38.Kg2  1-0

[Event "34th Olympiad"]
[Site "Istanbul TUR"]
[Date "2000.10.30"]
[Round "3"]
[White "Moldobaev,E"]
[Black "Watanabe,A"]
[Result "1/2-1/2"]
[WhiteElo "2404"]
[BlackElo "2374"]

1.d4 d5 2.Nf3 Nf6 3.c4 e6 4.g3 Be7 5.Bg2 O-O 6.O-O dxc4 7.Qc2 a6 8.Qxc4 b5
9.Qc2 Bb7 10.Bg5 Nbd7 11.Bxf6 Nxf6 12.Nbd2 Rc8 13.Nb3 Be4 14.Qc1 Nd7 15.Rd1 Qe8
16.Qe3 Bd5 17.Ne1 Bxg2 18.Kxg2 c5 19.dxc5 Nxc5 20.Nxc5 Bxc5 21.Qf3 e5 22.Qe4 Bd4
23.Rd2 Rc4 24.Qb7 Qc8 25.Qxc8 Rfxc8 26.Rad1 g6 27.Nf3 Rc2 28.Nxd4 exd4 29.Kf3 f5
30.h4 Kg7 31.Kf4 Kf6 32.Rxd4 Rxe2 33.Rd6+ Re6 34.R1d2 h6 35.Rxe6+  1/2-1/2

[Event "34th Olympiad"]
[Site "Istanbul TUR"]
[Date "2000.10.31"]
[Round "4"]
[White "Gluckman,D"]
[Black "Valiente,C"]
[Result "1/2-1/2"]
[WhiteElo "2400"]
[BlackElo "2389"]

1.d4 Nf6 2.Nf3 e6 3.g3 d5 4.c4 Be7 5.Bg2 O-O 6.O-O c6 7.Nbd2 Nbd7 8.Qc2 b6
9.e4 Bb7 10.Re1 Rc8 11.b3 c5 12.exd5 exd5 13.Ba3 Re8 14.dxc5 Bxc5 15.Bxc5 Nxc5
16.Rxe8+  1/2-1/2

[Event "34th Olympiad"]
[Site "Istanbul TUR"]
[Date "2000.10.31"]
[Round "4"]
[White "Rahman,Zia"]
[Black "Gillani,T"]
[Result "1-0"]
[WhiteElo "2421"]
[BlackElo "2255"]

1.Nf3 d5 2.d4 Nf6 3.c4 e6 4.g3 Be7 5.Bg2 O-O 6.O-O Nbd7 7.Qc2 c6 8.b3 Ne4
9.Nbd2 f5 10.Bb2 Rf6 11.Rad1 Nf8 12.Ne5 Nxd2 13.Qxd2 Ng6 14.Nd3 Rf8 15.e3 Bf6
16.Qc2 Rb8 17.a4 Rf7 18.Ba3 Be7 19.Bxe7 Rxe7 20.Qc3 Bd7 21.Rd2 Be8 22.Rc1 Bf7
23.cxd5 cxd5 24.Rdc2 Be8 25.Qc5 Qb6 26.Qa3 Qd8 27.h4 h6 28.Bf1 Nf8 29.Qc5 Ra8
30.Qb4 g5 31.hxg5 hxg5 32.Rc8 Rxc8 33.Rxc8 Qxc8 34.Qxe7 g4 35.Nc5 Bc6 36.b4 b6
37.b5 Be8 38.Nd3 Qd7 39.Qa3 Qc7 40.Nb4 Qd6 41.Qc3 Kg7 42.Na6 Bd7 43.a5 Kf7
44.axb6 axb6 45.Nb4 Kf6 46.Qa3 Kf7 47.Qa4 Ng6 48.Nc6 Qc7 49.Qa8 Kg7 50.Kg2 Kf7
51.Be2 Kf6 52.Qa4 Ne7 53.Ne5 Ng6 54.Qa8 Nxe5 55.Qh8+ Kg6 56.dxe5 Qc8 57.Qf6+ Kh7
58.Qe7+ Kg8 59.Qd6 Qb7 60.f3 Qa7 61.fxg4 Qa2 62.Kf1 Bxb5 63.Qxe6+ Kh8 64.Bxb5 Qb1+
65.Kf2 Qxb5 66.gxf5 Qd3 67.Qe8+ Kh7 68.Qh5+ Kg8 69.f6 Qc2+ 70.Kg1 Qb1+ 71.Kh2 Qc2+
72.Kh3 Qc8+ 73.g4 Qe6 74.Kh4 d4 75.exd4 b5 76.Qg6+ Kf8 77.Qg7+ Ke8 78.d5 Qf7
79.e6  1-0

[Event "34th Olympiad"]
[Site "Istanbul TUR"]
[Date "2000.11.04"]
[Round "7"]
[White "Daly,C"]
[Black "Bagirov,R"]
[Result "1/2-1/2"]
[WhiteElo "2357"]
[BlackElo "2471"]

1.Nf3 Nf6 2.c4 e6 3.d4 d5 4.g3 Be7 5.Bg2 O-O 6.O-O dxc4 7.Qa4 a6 8.Qxc4 b5
9.Qc2 Bb7 10.Bg5 Nbd7 11.Nbd2 Rc8 12.Bxf6 Nxf6 13.Nb3 Be4 14.Qc1 c5 15.dxc5 Qc7
16.Qe3 Bxc5 17.Nxc5 Qxc5 18.Qxc5 Rxc5 19.Rfc1 Rfc8 20.Rxc5 Rxc5 21.Ne1 Kf8
22.Bxe4 Nxe4 23.f3 Nd6 24.a4 bxa4 25.Rxa4 a5  1/2-1/2

[Event "34th Olympiad"]
[Site "Istanbul TUR"]
[Date "2000.11.04"]
[Round "7"]
[White "Stohl,I"]
[Black "Lutz,C"]
[Result "1/2-1/2"]
[WhiteElo "2578"]
[BlackElo "2595"]

1.d4 Nf6 2.Nf3 e6 3.c4 d5 4.g3 Be7 5.Bg2 O-O 6.O-O dxc4 7.Qc2 a6 8.a4 Bd7
9.Qxc4 Bc6 10.Bg5 Bd5 11.Qd3 c5 12.dxc5 Bxc5 13.Nc3 Bc6 14.Ne5 Qxd3 15.Nxd3 Bd4
16.Bxf6 Bxf6 17.Rac1 Rd8 18.Rfd1 Bxc3 19.Bxc6 Nxc6  1/2-1/2

[Event "34th Olympiad"]
[Site "Istanbul TUR"]
[Date "2000.11.04"]
[Round "7"]
[White "Papaioannou,I"]
[Black "Ehlvest,J"]
[Result "1/2-1/2"]
[WhiteElo "2578"]
[BlackElo "2627"]

1.d4 Nf6 2.c4 e6 3.g3 d5 4.Bg2 Be7 5.Nf3 O-O 6.O-O Nc6 7.Qc2 Nb4 8.Qb3 dxc4
9.Qxc4 b6 10.Nc3 Ba6 11.Qb3 c5 12.Bg5 Nfd5 13.Bxe7 Qxe7 14.Rfe1 Bb7 15.a3 Na6
16.e4 Nxc3 17.bxc3 cxd4 18.cxd4 Rac8 19.Rab1 Rfd8 20.h4 h6 21.Qe3 Nb8 22.g4 Nd7
23.g5 hxg5 24.hxg5 Nf8 25.Ne5 Nd7 26.Ng4 Nf8 27.Ne5 Nd7 28.Ng4 Nf8 29.Ne5  1/2-1/2

[Event "Chigorin Mem"]
[Site "St Petersburg RUS"]
[Date "2000.11.04"]
[Round "4"]
[White "Ignatiev,Alexa"]
[Black "Gutow,A"]
[Result "1-0"]
[WhiteElo "2302"]
[BlackElo "2497"]

1.d4 d5 2.c4 e6 3.Nf3 Nf6 4.g3 Be7 5.Bg2 O-O 6.O-O dxc4 7.Qc2 a6 8.a4 Bd7
9.Nbd2 Bc6 10.Qxc4 b5 11.Qc2 bxa4 12.Nc4 Ra7 13.Nce5 Bb5 14.Rd1 Nd5 15.e4 Nb4
16.Qc3 Nd7 17.Nxd7 Qxd7 18.Ne5 Qd8 19.Be3 Rb7 20.d5 exd5 21.exd5 Bd6 22.Nc4 Bd7
23.Rd4 Qb8 24.Bd2 Rc8 25.Bf3 f6 26.Rh4 Bf5 27.Rxa4 Nd3 28.Bg4 Rb3 29.Bxf5 Rxc3
30.Bxc3 g5 31.Rxh7 Qb3 32.Bxf6 Qd1+ 33.Kg2 Ne1+ 34.Kh3 g4+ 35.Kh4 Qxd5 36.Ne3 Nf3+
37.Kh5 Qb5 38.Rxg4+  1-0

[Event "34th Olympiad"]
[Site "Istanbul TUR"]
[Date "2000.11.06"]
[Round "9"]
[White "Pustina,Y"]
[Black "Onkoud,A"]
[Result "1/2-1/2"]
[WhiteElo "2286"]
[BlackElo "2309"]

1.d4 Nf6 2.c4 e6 3.g3 d5 4.Bg2 Be7 5.Nf3 O-O 6.O-O c5 7.cxd5 exd5 8.Nc3 Nc6
9.Bg5 cxd4 10.Nxd4 h6 11.Be3 Re8 12.Nb3 Be6 13.Rc1 Rc8 14.Nb5 b6 15.N3d4 Nxd4
16.Bxd4 Qd7 17.Nc3 Red8 18.Qd3 Ne4 19.Rfd1 Bf5 20.Qa6 Bg5 21.e3 Bg4 22.f3 Nxc3
23.Rxc3 Rxc3 24.bxc3 Be6 25.Re1 Rc8 26.Bf1 Be7 27.Qb5 Qc7 28.Qb2 Bc5 29.Bd3 Bxd4
30.cxd4 Qc3 31.Qxc3 Rxc3 32.Rd1 Bd7 33.e4 Be6 34.e5 Kf8 35.Kf2 Ke7 36.Rd2 Bd7
37.Ke2 b5 38.Rb2 a6 39.h4 h5 40.Rb3 Rc1 41.Rb1 Rc3 42.Rb3 Rc1 43.Rb1 Rxb1
44.Bxb1 b4 45.Bd3 a5 46.Kd2 a4 47.Kc2 g6 48.Kb2 Kd8 49.a3 b3 50.Be2  1/2-1/2

[Event "34th Olympiad"]
[Site "Istanbul TUR"]
[Date "2000.11.06"]
[Round "9"]
[White "Adianto,U"]
[Black "Dao Thien Hai"]
[Result "1-0"]
[WhiteElo "2583"]
[BlackElo "2555"]

1.d4 Nf6 2.c4 e6 3.Nf3 d5 4.g3 Be7 5.Bg2 O-O 6.O-O Nbd7 7.Qc2 c5 8.cxd5 Nxd5
9.Nc3 Nb4 10.Qb3 b6 11.Rd1 Nc6 12.d5 Na5 13.Qc2 exd5 14.Nxd5 Bb7 15.Bh3 Nb8
16.Nf6+ Bxf6 17.Rxd8 Bxd8 18.Bf5 h6 19.b4 cxb4 20.Bb2 Nbc6 21.Qe4 Ne7 22.Bh7+ Kh8
23.Qg4 f6 24.Bd3 Nac6 25.Qe4 f5 26.Qe6 Kh7 27.Rc1 Rc8 28.Rc4 Na5 29.Rg4 Rc3
30.Bxc3 bxc3 31.Ne5 Bd5 32.Qd7 Bxa2 33.Rf4 Bb3 34.Rxf5 Nxf5 35.Bxf5+ Kg8
36.Be6+ Bxe6 37.Qxe6+ Kh7 38.Qg6+ Kg8 39.Qe6+ Kh7 40.Nd7 Rg8 41.Qf5+ g6 42.Nf8+ Rxf8
43.Qxf8 c2 44.Qf7+ Kh8 45.Qe8+  1-0

[Event "Chigorin Mem"]
[Site "St Petersburg RUS"]
[Date "2000.11.06"]
[Round "6"]
[White "Malaniuk,V"]
[Black "Potkin,V"]
[Result "0-1"]
[WhiteElo "2548"]
[BlackElo "2420"]

1.d4 Nf6 2.Nf3 e6 3.c4 d5 4.g3 Be7 5.Bg2 O-O 6.O-O c5 7.cxd5 exd5 8.dxc5 Bxc5
9.Qc2 Bb6 10.Nc3 Nc6 11.Bg5 Be6 12.Na4 h6 13.Nxb6 axb6 14.Bf4 Qe7 15.Rfd1 Rfc8
16.a3 Ne4 17.Rac1 Na5 18.Qb1 Nc4 19.Nd2 Ncxd2 20.Bxd2 Bf5 21.Qa1 d4 22.Bb4 Qf6
23.Rxc8+ Rxc8 24.Rc1 Re8 25.Rf1 Nc5 26.Qd1 Bg4 27.Bxc5 bxc5 28.Re1 Qe7 29.Bf1 Bf3
30.Qd2 Bc6 31.Bg2 Bxg2 32.Kxg2 Qe4+ 33.f3 Qe3 34.Qxe3 Rxe3 35.Kf2 Rb3 36.Rc1 b6
37.Rc2 Kf8 38.Ke1 Ke7 39.Kd1 Kd6 40.Rd2 Kd5 41.Rc2 c4 42.Rd2 f5 43.Kc2 Re3
44.Kd1 g5 45.Rc2 b5 46.Rc1 Kc5 47.Rc2 f4 48.g4 b4 49.axb4+ Kxb4 50.Rd2 d3
51.exd3 cxd3 52.Rf2 Kc4 53.h4 Kd4  0-1

[Event "34th Olympiad"]
[Site "Istanbul TUR"]
[Date "2000.11.09"]
[Round "12"]
[White "Ong Chong Ghee"]
[Black "Bagirov,R"]
[Result "1/2-1/2"]
[WhiteElo "2342"]
[BlackElo "2471"]

1.c4 e6 2.d4 d5 3.Nf3 Nf6 4.g3 Be7 5.Bg2 O-O 6.O-O dxc4 7.Qc2 a6 8.a4 Bd7
9.Qxc4 Bc6 10.Bg5 Bd5 11.Qd3 c5 12.Nc3 Bc6 13.Rfd1 cxd4 14.Nxd4 Bxg2 15.Kxg2 Nbd7
16.f4 Rc8 17.e4 Qb6 18.e5 Qxb2+ 19.Nce2 Nc5 20.Qc3 Qxc3 21.Nxc3 Ng4 22.Bxe7 Ne3+
23.Kf3 Nxd1 24.Rxd1 Rfe8 25.Bxc5 Rxc5 26.Ne4 Rd5 27.Nd6 Rb8 28.Ke4 Rc5 29.g4 h5
30.f5 Ra5 31.Ra1 b5 32.fxe6 fxe6 33.gxh5 Rxa4 34.Rg1 Kh7 35.Rg6 Rf8 36.Rxe6 Rf2
37.Nf5 Rxf5 38.Kxf5 Rxd4 39.Rxa6 Rh4 40.Rb6 Rxh5+ 41.Ke4  1/2-1/2

[Event "34th Olympiad Women"]
[Site "Istanbul TUR"]
[Date "2000.11.09"]
[Round "12"]
[White "Nguyen Thi Thanh An"]
[Black "Delgado Crespo,M"]
[Result "1/2-1/2"]
[WhiteElo "2281"]
[BlackElo "2207"]

1.d4 d5 2.c4 e6 3.Nf3 Nf6 4.g3 Be7 5.Bg2 O-O 6.O-O dxc4 7.Qc2 a6 8.Qxc4 b5
9.Qc2 Bb7 10.Bf4 Nd5 11.Bd2 Nd7 12.Nc3 c5 13.dxc5 Nxc5 14.Rad1 Qc8 15.Nxd5 Bxd5
16.Ng5 Bxg5 17.Bxd5 exd5 18.Bxg5 Ne4 19.Qc1 Nxg5 20.Qxg5 Qc4 21.Qxd5 Qxe2
22.Rd2 Qe7 23.Rfd1 h6 24.Qf5 Rad8 25.Kg2 Rxd2 26.Rxd2 Rd8  1/2-1/2